[Event "Amsterdam Science Park op-A"]
[Site "Amsterdam"]
[Date "2022.07.22"]
[Round "5"]
[White "Van der Poel, Henk"]
[Black "Vroombout, Enrico"]
[Result "1-0"]
[WhiteElo "2210"]
[BlackElo "2125"]
[PlyCount "101"]
[EventDate "2022.07.18"]
[EventType "swiss"]
[EventRounds "7"]
[EventCountry "NED"]
[SourceTitle "CBM 209 Extra"]
[Source "ChessBase"]
[SourceDate "2022.09.30"]
[SourceVersion "1"]
[SourceVersionDate "2022.09.30"]
[SourceQuality "1"]

1. e4 c5 2. Nc3 Nc6 3. Bb5 g6 4. Bxc6 dxc6 5. f4 Bg7 6. Nf3 Nh6 7. d3 b6 8. 0-0 f6 9. Qe1 Nf7 10. Be3 e5 11. f5 g5 12. Nd2 Nd6 13. a4 a5 14. Ne2 Ba6 15. b3 Qc7 16. Qf2 Bf8 17. Nc3 0-0-0 18. Nd1 Kb7 19. Nb2 Nf7 20. Rfd1 h5 21. Ndc4 Nh6 22. h3 g4 23. Kf1 h4 24. Ke2 Qg7 25. Rh1 Nf7 26. hxg4 Qxg4+ 27. Qf3 Qg8 28. Rh2 Ng5 29. Qf2 Rd7 30. Rah1 Rg7 31. Kd1 b5 32. Nd2 c4 33. Ba7 Ka8 34. axb5 Rxa7 35. bxa6 c3 36. Nbc4 cxd2 37. Qb6 Bb4 38. Qxc6+ Kb8 39. Qb6+ Ka8 40. Qc6+ Kb8 41. Qb5+ Kc8 42. Nb6+ Kd8 43. Nd5 Kc8 44. Qc6+ Kb8 45. c3 Qc8 46. Qb6+ Ka8 47. Qxf6 Rxa6 48. Qxg5 Bxc3 49. Rxh4 Rxh4 50. Qxh4 Rd6 51. Qh8 1-0

[Event "NED-chT 2122"]
[Site "Netherlands"]
[Date "2021.10.09"]
[Round "2.4"]
[White "Kuipers, Stefan"]
[Black "Vroombout, Enrico"]
[Result "1-0"]
[WhiteElo "2446"]
[BlackElo "2128"]
[PlyCount "33"]
[EventDate "2021.09.18"]
[EventType "team-tourn"]
[EventRounds "9"]
[EventCountry "NED"]
[SourceTitle "EXT 2023"]
[Source "ChessBase"]
[SourceDate "2022.10.05"]
[SourceVersion "1"]
[SourceVersionDate "2022.10.05"]
[SourceQuality "1"]
[WhiteTeam "Apeldoorn Amevo"]
[BlackTeam "Caissa"]
[WhiteTeamCountry "NED"]
[BlackTeamCountry "NED"]

1. e4 e6 2. d4 d5 3. Nc3 Nf6 4. Bg5 Bb4 5. e5 h6 6. Bd2 Bxc3 7. bxc3 Ne4 8. Bc1 c5 9. Ne2 Qa5 10. f3 Nxc3 11. Qd2 cxd4 12. Nxd4 Qc7 13. Bb2 Qxe5+ 14. Kf2 Na4 15. Bb5+ Bd7 16. Bxa4 Bxa4 17. Qb4 1-0

[Event "NED-chT 2122"]
[Site "Netherlands"]
[Date "2021.09.18"]
[Round "1.9"]
[White "Martens, Martin"]
[Black "Vroombout, Enrico"]
[Result "1-0"]
[WhiteElo "2351"]
[BlackElo "2128"]
[PlyCount "77"]
[EventDate "2021.09.18"]
[EventType "team-tourn"]
[EventRounds "9"]
[EventCountry "NED"]
[SourceTitle "EXT 2023"]
[Source "ChessBase"]
[SourceDate "2022.10.05"]
[SourceVersion "1"]
[SourceVersionDate "2022.10.05"]
[SourceQuality "1"]
[WhiteTeam "Den Bosch HMC"]
[BlackTeam "Caissa"]
[WhiteTeamCountry "NED"]
[BlackTeamCountry "NED"]

1. e4 e6 2. Nf3 d5 3. e5 c5 4. b4 cxb4 5. a3 Qa5 6. Be2 Nc6 7. 0-0 Bd7 8. d4 Rc8 9. Bb2 Qb6 10. axb4 Bxb4 11. Na3 Nh6 12. c4 0-0 13. Bc1 dxc4 14. Nxc4 Qc7 15. Bxh6 gxh6 16. Qc1 Kg7 17. Ne3 Ne7 18. Qb1 a5 19. Qe4 Bc6 20. Qg4+ Kh8 21. Qf4 Ng8 22. Rfd1 Rcd8 23. Qg4 Bd5 24. Rdc1 Qd7 25. Nxd5 exd5 26. Qh5 Rc8 27. Bd3 Rxc1+ 28. Rxc1 f5 29. exf6 Nxf6 30. Qxh6 Qg7 31. Qh4 Qg4 32. Qxg4 Nxg4 33. Rc7 Nf6 34. Rxb7 Rc8 35. g3 Rc3 36. Ne5 Kg8 37. Bf5 Rc1+ 38. Kg2 Rd1 39. Rf7 1-0

[Event "NED-chT 1920"]
[Site "Netherlands"]
[Date "2020.03.07"]
[Round "7.4"]
[White "Vroombout, Enrico"]
[Black "Feygin, Michael"]
[Result "0-1"]
[WhiteElo "2134"]
[BlackElo "2474"]
[PlyCount "68"]
[EventDate "2019.09.28"]
[EventType "team-tourn"]
[EventRounds "9"]
[EventCountry "NED"]
[SourceTitle "EXT 2022"]
[Source "ChessBase"]
[SourceDate "2021.10.06"]
[SourceVersion "1"]
[SourceVersionDate "2021.10.06"]
[SourceQuality "1"]
[WhiteTeam "Caissa"]
[BlackTeam "En Passant"]
[WhiteTeamCountry "NED"]
[BlackTeamCountry "NED"]

1. d4 e6 2. c4 Nf6 3. Nc3 Bb4 4. a3 Bxc3+ 5. bxc3 c5 6. e3 Nc6 7. Bd3 b6 8. Ne2 0-0 9. e4 e5 10. 0-0 d6 11. f3 Ba6 12. f4 Nd7 13. fxe5 dxe5 14. d5 Na5 15. Qa4 Nf6 16. Ng3 Qd7 17. Qd1 Ne8 18. Qh5 Bxc4 19. Bxc4 Nxc4 20. Nf5 Ncd6 21. Qh4 Nxf5 22. Rxf5 f6 23. a4 Nd6 24. Rf3 Rf7 25. Rh3 g6 26. a5 bxa5 27. Rxa5 Rb8 28. Ra1 Qb5 29. Qg4 Re8 30. Re3 f5 31. exf5 Nxf5 32. Qe2 c4 33. Rxe5 Qb6+ 34. Kh1 Rxe5 0-1

[Event "NED-chT 1920"]
[Site "Netherlands"]
[Date "2020.02.01"]
[Round "5.4"]
[White "Zwirs, Nico"]
[Black "Vroombout, Enrico"]
[Result "1-0"]
[WhiteElo "2420"]
[BlackElo "2134"]
[PlyCount "63"]
[EventDate "2019.09.28"]
[EventType "team-tourn"]
[EventRounds "9"]
[EventCountry "NED"]
[SourceTitle "CBM 195 Extra"]
[Source "ChessBase"]
[SourceDate "2020.05.31"]
[SourceVersion "1"]
[SourceVersionDate "2020.05.31"]
[SourceQuality "1"]
[WhiteTeam "Apeldoorn MuConsult"]
[BlackTeam "Caissa"]
[WhiteTeamCountry "NED"]
[BlackTeamCountry "NED"]

1. e4 e6 2. d4 d5 3. Nc3 Nf6 4. e5 Nfd7 5. f4 c5 6. Nf3 Nc6 7. Be3 cxd4 8. Nxd4 Bc5 9. Qd2 0-0 10. 0-0-0 a6 11. Nb3 Qe7 12. Nxc5 Nxc5 13. Qf2 Nd7 14. h4 b5 15. h5 Bb7 16. Rg1 Rac8 17. g4 Na5 18. Kb1 Nc4 19. Bxc4 Rxc4 20. Rd2 b4 21. Ne2 a5 22. Bd4 a4 23. Qe3 Ba6 24. f5 Rfc8 25. f6 gxf6 26. exf6 Qf8 27. g5 e5 28. g6 fxg6 29. hxg6 Qxf6 30. Qh6 Qe7 31. gxh7+ Kh8 32. Nf4 1-0

[Event "Utrecht OKU op 46th"]
[Site "Utrecht"]
[Date "2019.06.02"]
[Round "5"]
[White "Halfhide, Sebastian"]
[Black "Vroombout, Enrico"]
[Result "1-0"]
[WhiteElo "2283"]
[BlackElo "2141"]
[PlyCount "35"]
[EventDate "2019.05.31"]
[EventType "swiss"]
[EventRounds "6"]
[EventCountry "NED"]
[SourceTitle "CBM 190 Extra"]
[Source "ChessBase"]
[SourceDate "2019.07.15"]
[SourceVersion "1"]
[SourceVersionDate "2019.07.15"]
[SourceQuality "1"]

1. e4 e6 2. d3 d5 3. Nd2 Nf6 4. Ngf3 c5 5. g3 Nc6 6. Bg2 Be7 7. 0-0 0-0 8. c3 a5 9. a4 b6 10. Re1 Ba6 11. exd5 exd5 12. Nf1 Re8 13. Nh4 Qd7 14. Bf4 h6 15. Nf3 Bd6 16. Re4 Re7 17. Rxe7 Re8 18. Rxe8+ 1-0

[Event "Hoogeveen op 22nd"]
[Site "Hoogeveen"]
[Date "2018.10.27"]
[Round "9"]
[White "Elgersma, Onno"]
[Black "Vroombout, Enrico"]
[Result "1/2-1/2"]
[WhiteElo "2223"]
[BlackElo "2132"]
[PlyCount "106"]
[EventDate "2018.10.20"]
[EventType "swiss"]
[EventRounds "9"]
[EventCountry "NED"]
[SourceTitle "CBM 187 Extra"]
[Source "ChessBase"]
[SourceDate "2018.11.04"]
[SourceVersion "1"]
[SourceVersionDate "2018.11.04"]
[SourceQuality "1"]

1. e4 c5 2. Nf3 d6 3. d4 cxd4 4. Nxd4 Nf6 5. Nc3 a6 6. h3 g6 7. g4 Bg7 8. Be3 0-0 9. Qd2 b5 10. Bg2 Bb7 11. 0-0 Qc7 12. a4 e5 13. Nde2 b4 14. Nd5 Bxd5 15. exd5 Nbd7 16. a5 Rfc8 17. Rfc1 Qc4 18. Ra4 Rab8 19. c3 Qb5 20. Rxb4 Qxa5 21. g5 Ne8 22. Rxb8 Rxb8 23. b4 Qa4 24. Qb2 a5 25. Ra1 Qb5 26. Rb1 Qc4 27. Ng3 f5 28. gxf6 Nexf6 29. Qb3 Qxb3 30. Rxb3 axb4 31. cxb4 Rb5 32. Ne4 Nxe4 33. Bxe4 Nc5 34. Bxc5 dxc5 35. d6 Rxb4 36. d7 Bf6 37. Bd5+ Kg7 38. Rc3 Rb5 39. Bc6 Ra5 40. Rf3 Ra1+ 41. Kg2 Rd1 42. Rc3 Be7 43. Ra3 Rd6 44. Bb5 Kf6 45. Ra8 Kf5 46. Re8 Bh4 47. Rc8 Rd2 48. Rf8+ Ke6 49. Re8+ Kf7 50. Rxe5 Rxf2+ 51. Kh1 Rc2 52. Rd5 Bd8 53. Re5 Be7 1/2-1/2

[Event "Amsterdam Science Park op-A"]
[Site "Amsterdam"]
[Date "2018.07.15"]
[Round "9"]
[White "Vroombout, Enrico"]
[Black "Kossen, Johannes"]
[Result "1-0"]
[WhiteElo "2132"]
[BlackElo "2095"]
[PlyCount "39"]
[EventDate "2018.07.07"]
[EventType "swiss"]
[EventRounds "9"]
[EventCountry "NED"]
[SourceTitle "CBM 185 Extra"]
[Source "ChessBase"]
[SourceDate "2018.07.29"]
[SourceVersion "1"]
[SourceVersionDate "2018.07.29"]
[SourceQuality "1"]

1. d4 d5 2. c4 c6 3. Nf3 e6 4. Nc3 dxc4 5. Ne5 b5 6. g3 Bb7 7. Bg2 Qc8 8. 0-0 Nf6 9. b3 b4 10. Na4 c3 11. a3 Nbd7 12. Nc4 c5 13. Bxb7 Qxb7 14. dxc5 a5 15. Bf4 Ne4 16. axb4 axb4 17. Qd4 f6 18. Bd6 e5 19. Qe3 Bxd6 20. Qxe4 1-0

[Event "Amsterdam Science Park op-A"]
[Site "Amsterdam"]
[Date "2018.07.08"]
[Round "2"]
[White "Riemersma, Liafbern"]
[Black "Vroombout, Enrico"]
[Result "1-0"]
[WhiteElo "2458"]
[BlackElo "2132"]
[PlyCount "121"]
[EventDate "2018.07.07"]
[EventType "swiss"]
[EventRounds "9"]
[EventCountry "NED"]
[SourceTitle "CBM 185 Extra"]
[Source "ChessBase"]
[SourceDate "2018.07.29"]
[SourceVersion "1"]
[SourceVersionDate "2018.07.29"]
[SourceQuality "1"]

1. d4 Nf6 2. c4 g6 3. Nc3 Bg7 4. e4 d6 5. f3 0-0 6. Be3 e5 7. d5 Nh5 8. Qd2 f5 9. 0-0-0 a6 10. Kb1 Nd7 11. Nge2 Ndf6 12. Ng3 f4 13. Nxh5 Nxh5 14. Bf2 Bf6 15. Qe1 Be7 16. Rc1 Ng7 17. Be2 Rb8 18. Ba7 Ra8 19. Bf2 Rb8 20. g4 Kh8 21. h4 h6 22. Nd1 c5 23. b4 b6 24. Ka1 Bd7 25. Nb2 a5 26. bxc5 bxc5 27. Qc3 Qc7 28. Nd3 Rb7 29. Bd1 Kg8 30. Bc2 Rfb8 31. h5 g5 32. Rb1 Rxb1+ 33. Rxb1 Rxb1+ 34. Kxb1 Bd8 35. Be1 Kf7 36. Qa3 Qb6+ 37. Nb2 Ne8 38. Ba4 Nf6 39. Bxd7 Nxd7 40. Qa4 Ke7 41. Kc2 Bc7 42. Qb5 Qa7 43. Na4 Kd8 44. Kb3 Ke7 45. Nb2 Kd8 46. Nd3 Ke7 47. a3 Kd8 48. Kc2 Kc8 49. Nc1 a4 50. Nd3 Kd8 51. Nb2 Nb6 52. Bc3 Ke7 53. Be1 Kd8 54. Nd1 Nd7 55. Nc3 Nb6 56. Kd3 Qa8 57. Bf2 Qb8 58. Qc6 Nd7 59. Nb5 Qb6 60. Qa8+ Ke7 61. Qh8 1-0

[Event "Hoogeveen op 21st"]
[Site "Hoogeveen"]
[Date "2017.10.25"]
[Round "6"]
[White "Aan, Sikka"]
[Black "Vroombout, Enrico"]
[Result "1/2-1/2"]
[WhiteElo "1918"]
[BlackElo "2133"]
[PlyCount "81"]
[EventDate "2017.10.21"]
[EventType "swiss"]
[EventRounds "9"]
[EventCountry "NED"]
[SourceTitle "CBM 181 Extra"]
[Source "ChessBase"]
[SourceDate "2017.12.12"]
[SourceVersion "1"]
[SourceVersionDate "2017.12.12"]
[SourceQuality "1"]

1. e4 c5 2. Nf3 d6 3. Bb5+ Bd7 4. Bxd7+ Qxd7 5. c4 Nc6 6. d4 cxd4 7. Nxd4 Nf6 8. Nc3 g6 9. b3 Bg7 10. Bb2 0-0 11. 0-0 Rfd8 12. Re1 e6 13. Nxc6 Qxc6 14. Qf3 Ne8 15. Rac1 a6 16. a4 Qb6 17. Nd1 Bxb2 18. Nxb2 Qb4 19. Qc3 Qxc3 20. Rxc3 b5 21. Rd3 Kf8 22. Red1 Ke7 23. f3 Rab8 24. Kf2 Rdc8 25. Ke3 Rc6 26. Rc3 Nf6 27. Rdc1 b4 28. R3c2 Nd7 29. Nd3 Nc5 30. Nxc5 dxc5 31. Rd1 Rd6 32. Rxd6 Kxd6 33. Rd2+ Ke7 34. e5 Rd8 35. Rxd8 Kxd8 36. Kf4 h6 37. g4 a5 38. h4 Ke7 39. g5 h5 40. Ke4 Kd7 41. f4 1/2-1/2

[Event "Amsterdam Science Park op-A"]
[Site "Amsterdam"]
[Date "2017.07.11"]
[Round "4"]
[White "Vroombout, Enrico"]
[Black "Beeke, Bobby"]
[Result "0-1"]
[WhiteElo "2151"]
[BlackElo "2282"]
[PlyCount "68"]
[EventDate "2017.07.08"]
[EventType "swiss"]
[EventRounds "9"]
[EventCountry "NED"]
[SourceTitle "CBM 179 Extra"]
[Source "ChessBase"]
[SourceDate "2017.08.23"]
[SourceVersion "1"]
[SourceVersionDate "2017.08.23"]
[SourceQuality "1"]

1. e4 e5 2. Nf3 Nc6 3. Bb5 Nf6 4. d3 Bc5 5. c3 d6 6. 0-0 0-0 7. Nbd2 a6 8. Bxc6 bxc6 9. d4 exd4 10. cxd4 Ba7 11. h3 Bb7 12. Re1 Re8 13. b3 c5 14. d5 c6 15. dxc6 Bxc6 16. Qc2 d5 17. Bb2 Nxe4 18. Nxe4 Rxe4 19. Rxe4 dxe4 20. Rd1 Qc7 21. Ne5 Rf8 22. Qc4 e3 23. fxe3 Bb5 24. Qd5 c4 25. Nxc4 Bxc4 26. bxc4 Bxe3+ 27. Kh1 Bf4 28. c5 h6 29. c6 Kh8 30. Qf3 f6 31. Rd7 Qb8 32. Rb7 Qd6 33. Ba3 Re8 34. g3 Re1+ 0-1

[Event "Leiden Noteboom Memorial 77th"]
[Site "Leiden"]
[Date "2017.02.25"]
[Round "2"]
[White "Pruijssers, Roeland"]
[Black "Vroombout, Enrico"]
[Result "1-0"]
[WhiteElo "2496"]
[BlackElo "2163"]
[PlyCount "65"]
[EventDate "2017.02.24"]
[EventType "swiss"]
[EventRounds "6"]
[EventCountry "NED"]
[SourceTitle "CBM 177 Extra"]
[Source "ChessBase"]
[SourceDate "2017.04.27"]
[SourceVersion "1"]
[SourceVersionDate "2017.04.27"]
[SourceQuality "1"]

1. e4 e6 2. d4 d5 3. Nd2 Nf6 4. e5 Nfd7 5. Bd3 c5 6. c3 Nc6 7. Ne2 cxd4 8. cxd4 f6 9. exf6 Nxf6 10. Nf3 Bd6 11. 0-0 Qc7 12. Nc3 a6 13. Bd2 0-0 14. Rc1 Qb8 15. h3 Kh8 16. Na4 Qa7 17. Be3 Nd8 18. Qb3 b5 19. Nc5 Nf7 20. Ne5 Qb8 21. f4 Qb6 22. a4 b4 23. g4 Ra7 24. a5 Qxa5 25. Nc6 Qb6 26. Nxa7 Qxa7 27. Qxb4 Qe7 28. Qd2 Bxc5 29. dxc5 e5 30. Rce1 Qc7 31. fxe5 Nxe5 32. Bd4 Nc6 33. Qf4 1-0

[Event "Hoogeveen Unive op 20th"]
[Site "Hoogeveen"]
[Date "2016.10.21"]
[Round "8"]
[White "Kerigan, Demre"]
[Black "Vroombout, Enrico"]
[Result "1-0"]
[WhiteElo "2362"]
[BlackElo "2190"]
[PlyCount "67"]
[EventDate "2016.10.15"]
[EventType "swiss"]
[EventRounds "9"]
[EventCountry "NED"]
[SourceTitle "EXT 2017"]
[Source "ChessBase"]
[SourceDate "2016.10.25"]
[SourceVersion "1"]
[SourceVersionDate "2016.10.25"]
[SourceQuality "1"]

1. e4 e6 2. d4 d5 3. Nd2 Nf6 4. e5 Nfd7 5. Bd3 c5 6. c3 Nc6 7. Ngf3 g6 8. h4 h6 9. Nf1 a6 10. h5 g5 11. Ne3 b5 12. 0-0 Bg7 13. Ng4 b4 14. Qe2 Qc7 15. Be3 c4 16. Bc2 Rb8 17. Ne1 bxc3 18. bxc3 Qa5 19. Qd2 Ne7 20. f4 f5 21. exf6 Nxf6 22. Nxf6+ Bxf6 23. fxg5 Bxg5 24. Bxg5 hxg5 25. Qxg5 Rg8 26. Qe5 Rb7 27. h6 Nc6 28. Qh5+ Kd8 29. h7 Rh8 30. Qg5+ Re7 31. Qf6 Qxc3 32. Qxh8+ Kc7 33. Nf3 Qxc2 34. Qxc8+ 1-0

[Event "Hoogeveen Unive op 20th"]
[Site "Hoogeveen"]
[Date "2016.10.20"]
[Round "7"]
[White "Vroombout, Enrico"]
[Black "Dushyant, Sharma"]
[Result "1-0"]
[WhiteElo "2190"]
[BlackElo "2039"]
[PlyCount "123"]
[EventDate "2016.10.15"]
[EventType "swiss"]
[EventRounds "9"]
[EventCountry "NED"]
[SourceTitle "EXT 2017"]
[Source "ChessBase"]
[SourceDate "2016.10.25"]
[SourceVersion "1"]
[SourceVersionDate "2016.10.25"]
[SourceQuality "1"]

1. e4 c5 2. Nf3 Nc6 3. Bb5 g6 4. Bxc6 dxc6 5. d3 Bg7 6. 0-0 Qc7 7. Nbd2 e5 8. Nc4 Ne7 9. a3 a5 10. Be3 b6 11. b4 axb4 12. axb4 Rxa1 13. Qxa1 b5 14. Qa5 Qxa5 15. Nxa5 cxb4 16. Bc5 Bd7 17. Ra1 f6 18. Nb3 Nc8 19. Ra6 Bf8 20. d4 exd4 21. Nfxd4 Bxc5 22. Nxc5 Ne7 23. Ra8+ Bc8 24. Nxc6 Kf7 25. Ra7 Re8 26. f3 Kf8 27. Nxe7 Rxe7 28. Ra8 Re8 29. Rb8 Kf7 30. Kf2 f5 31. e5 g5 32. g3 Ke7 33. f4 g4 34. Ke3 Rd8 35. Nb7 Bxb7 36. Rxb7+ Ke6 37. Rxb5 Rc8 38. Rxb4 Rxc2 39. Rb6+ Kd5 40. Rd6+ Kc5 41. Rf6 Rxh2 42. Rxf5 Kd5 43. Rf6 Rg2 44. Rd6+ Kc5 45. Ke4 Rxg3 46. Rh6 Rg1 47. Rxh7 g3 48. Rc7+ Kb6 49. Rg7 g2 50. Kf5 Kc5 51. Ke6 Rf1 52. Rxg2 Rxf4 53. Rc2+ Kd4 54. Kd6 Kd3 55. Rc8 Rd4+ 56. Ke7 Rh4 57. e6 Kd4 58. Kd7 Kd5 59. e7 Rh7 60. Kd8 Kd6 61. e8Q Rf7 62. Rc6+ 1-0

[Event "Hoogeveen Unive op 20th"]
[Site "Hoogeveen"]
[Date "2016.10.15"]
[Round "1"]
[White "Vroombout, Enrico"]
[Black "Taams, Sander"]
[Result "0-1"]
[WhiteElo "2190"]
[BlackElo "1857"]
[PlyCount "50"]
[EventDate "2016.10.15"]
[EventType "swiss"]
[EventRounds "9"]
[EventCountry "NED"]
[SourceTitle "EXT 2017"]
[Source "ChessBase"]
[SourceDate "2016.10.25"]
[SourceVersion "1"]
[SourceVersionDate "2016.10.25"]
[SourceQuality "1"]

1. e4 c5 2. Nf3 d6 3. d4 cxd4 4. Nxd4 Nf6 5. Nc3 a6 6. Bg5 Nbd7 7. Qe2 b5 8. 0-0-0 Bb7 9. a3 Rc8 10. Nd5 h6 11. Bxf6 Nxf6 12. Nxf6+ gxf6 13. f4 Qc7 14. g3 e6 15. Bh3 h5 16. Rhe1 h4 17. Bg4 Qc4 18. Rd3 hxg3 19. hxg3 Rh2 20. Qxh2 Qxd3 21. Rd1 Qxe4 22. Kb1 Qg2 23. Qh5 Rc5 24. f5 e5 25. Ne6 Rxc2 0-1

[Event "Haarlem Nova College op-A 12th"]
[Site "Haarlem"]
[Date "2013.06.29"]
[Round "4"]
[White "Bitalzadeh, Ali"]
[Black "Vroombout, Enrico"]
[Result "1-0"]
[WhiteElo "2423"]
[BlackElo "2180"]
[PlyCount "57"]
[EventDate "2013.06.28"]
[EventType "swiss"]
[EventRounds "6"]
[EventCountry "NED"]
[SourceTitle "CBM 155 Extra"]
[Source "ChessBase"]
[SourceDate "2013.08.26"]
[SourceVersion "1"]
[SourceVersionDate "2013.08.26"]
[SourceQuality "1"]

1. d4 Nf6 2. c4 g6 3. Nc3 Bg7 4. e4 d6 5. Nf3 0-0 6. Be2 e5 7. 0-0 Nc6 8. d5 Ne7 9. Ne1 Nd7 10. Nd3 f5 11. Bd2 Nf6 12. f3 f4 13. c5 g5 14. Rc1 Ng6 15. Nb5 Rf7 16. Ba5 b6 17. cxd6 bxa5 18. dxc7 Qf8 19. Qa4 g4 20. Nc5 Nh4 21. Ne6 Qb4 22. Qxb4 axb4 23. Nd6 Re7 24. Nxc8 Rxc8 25. Ba6 Ree8 26. d6 Bf8 27. Rfd1 gxf3 28. Bxc8 Rxc8 29. d7 1-0

[Event "Haarlem Nova College op-A 12th"]
[Site "Haarlem"]
[Date "2013.06.29"]
[Round "3"]
[White "Vroombout, Enrico"]
[Black "Zwirs, Jasper"]
[Result "1-0"]
[WhiteElo "2180"]
[BlackElo "1904"]
[PlyCount "55"]
[EventDate "2013.06.28"]
[EventType "swiss"]
[EventRounds "6"]
[EventCountry "NED"]
[SourceTitle "EXT 2015"]
[Source "ChessBase"]
[SourceDate "2014.11.20"]
[SourceVersion "1"]
[SourceVersionDate "2014.11.20"]
[SourceQuality "1"]

1. e4 c5 2. Nf3 d6 3. d4 cxd4 4. Nxd4 Nf6 5. Nc3 a6 6. Be3 e5 7. Nb3 Be6 8. Qd2 Be7 9. f3 Nbd7 10. g4 Qc7 11. g5 Nh5 12. 0-0-0 Nc5 13. Kb1 0-0-0 14. Nd5 Bxd5 15. Qxd5 f6 16. Qf7 g6 17. Bh3+ Kb8 18. Nxc5 dxc5 19. gxf6 Bxf6 20. Bd7 Rhf8 21. Qxh7 Nf4 22. Bxf4 exf4 23. Rd5 Bd4 24. c3 Rh8 25. Qe7 Be3 26. h3 Ka7 27. Rhd1 Rde8 28. Qxe8 1-0